[Event "4NCL/Div4/LIT1 vs. SCS"]
[Site "Birmingham ENG"]
[Date "2007.10.28"]
[Round "2.3"]
[White "Jackson, James P"]
[Black "Lutton, J Arnold"]
[Result "1-0"]
[WhiteElo "2035"]
[BlackElo "1889"]
[PlyCount "95"]
[EventDate "2007.10.28"]
[EventType "team"]
[EventRounds "11"]
[EventCountry "ENG"]
[SourceDate "2007.09.15"]

1. e4 e6 2. d4 d5 3. Nc3 dxe4 4. Nxe4 Be7 5. Nf3 Nf6 6. Bd3 Nbd7 7. c3 Nxe4 8.
Bxe4 Nf6 9. Bc2 c5 10. O-O Bd7 11. Ne5 cxd4 12. cxd4 Rc8 13. Bg5 Nd5 14. Qh5 g6
15. Nxg6 Bxg5 16. Nxh8 Qf6 17. Be4 Nf4 18. Qxh7 Ke7 19. Nxf7 Qxf7 20. Qxf7+
Kxf7 21. Rfe1 b6 22. g3 Nd5 23. h4 Bf6 24. Rac1 Rxc1 25. Rxc1 Bxd4 26. Kg2 Bxb2
27. Rc2 Be5 28. g4 Bb5 29. g5 Bd3 30. Bxd3 Nf4+ 31. Kf3 Nxd3 32. Kg4 b5 33. Rd2
Nc5 34. f4 Bc3 {=} 35. Rd8 a5 36. Rc8 Bd4 37. f5 exf5+ 38. Kxf5 b4 39. h5 a4
40. h6 Ne6 41. g6+ Ke7 42. Rb8 b3 43. axb3 axb3 44. Rxb3 Nc5 45. Rb8 Nd7 46.
Rb7 Ke8 47. Rxd7 Kxd7 48. g7 1-0

[Event "4NCL/Div4/LIT1 vs. SCS"]
[Site "Birmingham ENG"]
[Date "2007.10.28"]
[Round "2.4"]
[White "Sathyanandha, Senthuran"]
[Black "Gibson, Christopher A"]
[Result "0-1"]
[WhiteElo "1779"]
[BlackElo "2032"]
[PlyCount "110"]
[EventDate "2007.10.28"]
[EventType "team"]
[EventRounds "11"]
[EventCountry "ENG"]
[SourceDate "2007.09.15"]

1. d4 Nf6 2. c4 e6 3. a3 b6 4. Nc3 Bb7 5. Bg5 Be7 6. e3 O-O 7. Nf3 d5 8. Rc1 h6
9. Bh4 Nbd7 10. cxd5 Nxd5 11. Nxd5 Bxh4 12. Nxc7 Rc8 13. Nxh4 Rxc7 14. Rxc7
Qxc7 15. Bd3 Rc8 16. O-O Nf6 17. Nf3 Ng4 18. g3 Qc6 19. e4 Nf6 20. Qe2 Nxe4 21.
Ne5 Nc3 22. Nxc6 Nxe2+ 23. Bxe2 {=} Rxc6 24. Bf3 Rc7 25. Bxb7 Rxb7 26. Rd1 Rd7
27. f4 Kf8 28. Kf2 Rc7 29. Rd2 Ke7 30. Ke3 Kd6 31. Ke4 Rc1 32. Ke3 Kd5 33. Kd3
Rc4 34. Ke3 Rc1 35. Kd3 Re1 36. Kc3 Re4 37. h3 Re3+ 38. Rd3 Re4 39. Rd2 h5 40.
h4 Re3+ 41. Rd3 Ke4 42. Rxe3+ Kxe3 43. f5 b5 44. fxe6 fxe6 45. b3 Ke4 46. a4 a6
47. axb5 axb5 48. Kb4 Kxd4 49. Kxb5 e5 50. Kc6 e4 51. b4 e3 52. b5 e2 53. b6
e1=Q 54. b7 Qb4 55. Kc7 Ke4 0-1

[Event "4NCL/Div4/LIT1 vs. SCS"]
[Site "Birmingham ENG"]
[Date "2007.10.28"]
[Round "2.5"]
[White "Hewitt, Sean D"]
[Black "Clarke, Sean A"]
[Result "0-1"]
[WhiteElo "2005"]
[BlackElo "1800"]
[PlyCount "144"]
[EventDate "2007.10.28"]
[EventType "team"]
[EventRounds "11"]
[EventCountry "ENG"]
[SourceDate "2007.09.15"]

1. e4 c6 2. d4 d5 3. e5 c5 4. dxc5 Nc6 5. Bb5 e6 6. Bxc6+ bxc6 7. b4 Qh4 8. Nf3
Qxb4+ 9. c3 Qxc5 10. O-O Qb6 11. Be3 Qc7 12. Nbd2 Ba6 13. Re1 g6 14. Rc1 Bg7
15. c4 Rd8 16. Qa4 Bb7 17. Bc5 Bf8 18. Be3 Ne7 19. Bg5 h6 20. Bf6 Rh7 21. Rb1
Bc8 22. Nd4 Bd7 23. Rb2 Rb8 24. Reb1 Rxb2 25. Rxb2 Nc8 26. Qc2 Be7 27. cxd5
exd5 28. N2f3 Bxf6 29. exf6 Kd8 30. Qc3 Nb6 31. Qc5 Kc8 32. Re2 Nc4 33. Qf8+
Qd8 34. Qb4 Qxf6 35. Qc5 Qd6 36. Qxa7 Qa3 37. Qxa3 Nxa3 38. Ne5 c5 39. Re3 Nb5
40. Nxd7 cxd4 41. Rb3 Kxd7 42. Rxb5 Kc6 43. Rb8 {=} f5 44. Rc8+ Kb5 45. Kf1 d3
46. Rc3 d4 47. Rxd3 Kc4 48. Ke2 Re7+ 49. Kd2 Ra7 50. a3 Rb7 51. Kc2 Rb2+ 52.
Kxb2 Kxd3 53. a4 Ke2 54. a5 d3 55. a6 d2 56. a7 d1=Q 57. a8=Q Qd4+ 58. Kb3 Qd3+
59. Kb2 Qd4+ 60. Kb3 Qd1+ 61. Kb2 Kxf2 62. Kc3 Qe1+ 63. Kb3 Qe4 64. Qa2+ Kg1
65. Qa6 Qxg2 66. h4 Qg3+ 67. Kc2 f4 68. Kd1 f3 69. Qb6+ f2 70. Ke2 Qe5+ 71. Kf3
Qf5+ 72. Kg3 h5 0-1

[Event "4NCL/Div4/LIT1 vs. SCS"]
[Site "Birmingham ENG"]
[Date "2007.10.28"]
[Round "2.6"]
[White "Lowry-O'Reilly, Hannah"]
[Black "Jaszkiwskyj, Peter"]
[Result "1/2-1/2"]
[WhiteElo "1813"]
[BlackElo "2005"]
[PlyCount "98"]
[EventDate "2007.10.28"]
[EventType "team"]
[EventRounds "11"]
[EventCountry "ENG"]
[SourceDate "2007.09.15"]

1. d4 d5 2. e3 Nf6 3. c3 e6 4. Bd3 Be7 5. Nf3 O-O 6. O-O b6 7. Nbd2 Bb7 8. Re1
Nbd7 9. e4 dxe4 10. Nxe4 c5 11. dxc5 Nxc5 12. Nxc5 Bxc5 13. h3 Qc7 14. Qe2 Rad8
15. Bg5 Qg3 16. Kf1 Bxf3 17. fxg3 Bxe2+ 18. Kxe2 Rd5 19. Bxf6 gxf6 20. g4 h5
21. gxh5 Rxh5 22. Rad1 Kg7 23. Bc2 Rg5 24. Kf1 Re5 25. Rxe5 fxe5 26. Ke2 a5 27.
Kf3 f5 28. Bb3 Kf6 29. Bc4 Rg8 30. Bf1 e4+ 31. Ke2 f4 32. b4 axb4 33. cxb4 Bxb4
34. Rd4 Bc5 35. Rxe4 Kf5 36. Rc4 Rg3 37. Kd2 Ra3 38. Bd3+ Kg5 39. Bb1 Be3+ 40.
Ke2 Ra5 41. Rb4 Kf6 42. Kf3 Rg5 43. Be4 Rg3+ 44. Ke2 Rg8 45. Rc4 Ke5 46. Bf3
Rd8 47. Ke1 Rd2 48. a4 Ra2 49. Kf1 Ra1+ 1/2-1/2

[Event "4NCL/Div4/ANGA2 vs. CONQ1"]
[Site "Birmingham ENG"]
[Date "2007.10.28"]
[Round "2.1"]
[White "Savage, Nicholas W"]
[Black "Prizant, Michael"]
[Result "1/2-1/2"]
[WhiteElo "2105"]
[BlackElo "2182"]
[PlyCount "52"]
[EventDate "2007.10.28"]
[EventType "team"]
[EventRounds "11"]
[EventCountry "ENG"]
[SourceDate "2007.09.15"]

1. d4 d5 2. c4 e6 3. Nc3 c5 4. cxd5 exd5 5. Nf3 Nc6 6. g3 Nf6 7. Bg2 Be7 8. O-O
O-O 9. Bg5 cxd4 10. Nxd4 h6 11. Be3 Re8 12. Rc1 Bf8 13. Nxc6 bxc6 14. Na4 Bd7
15. Bc5 Bxc5 16. Nxc5 Bg4 17. Re1 Qa5 18. a3 Rab8 19. Qc2 Qb5 20. Nd3 Bf5 21.
b4 a5 22. bxa5 Qxa5 23. Qc3 Ra8 24. Qxa5 Rxa5 25. Nb4 Rxa3 26. Nxc6 Ra2 1/2-1/2

[Event "4NCL/Div4/ANGA2 vs. CONQ1"]
[Site "Birmingham ENG"]
[Date "2007.10.28"]
[Round "2.2"]
[White "Bailey, Kevin"]
[Black "Feavyour, John"]
[Result "1/2-1/2"]
[WhiteElo "2103"]
[BlackElo "2083"]
[PlyCount "87"]
[EventDate "2007.10.28"]
[EventType "team"]
[EventRounds "11"]
[EventCountry "ENG"]
[SourceDate "2007.09.15"]

1. e4 c5 2. Nc3 Nc6 3. f4 e6 4. Nf3 d5 5. Bb5 Nge7 6. exd5 exd5 7. Qe2 Bg4 8.
Bxc6+ bxc6 9. O-O Qd6 10. d3 O-O-O 11. Qf2 Bxf3 12. Qxf3 f5 13. Na4 d4 14. b3
Nd5 15. Bd2 Be7 16. Nb2 Nb6 17. a4 Bf6 18. a5 Nd5 19. Nc4 Qc7 20. a6 Rhe8 21.
Rae1 g6 22. g3 Kd7 23. Ba5 Nb6 24. Kg2 Rb8 25. Qf2 Qc8 26. Rxe8 Qxe8 27. Re1
Qg8 28. Bxb6 axb6 29. a7 Rb7 30. a8=Q Qxa8 31. Qe2 Qg8 32. Kg1 Rb8 33. Ra1 Rb7
34. Re1 b5 35. Ne5+ Bxe5 36. Qxe5 Qc8 37. Qe6+ Kc7 38. h4 Qd8 39. Qf7+ Kb6 40.
Re8 Qd5 41. Qxd5 cxd5 42. Kf2 Kc6 43. h5 gxh5 44. Re6+ 1/2-1/2

[Event "4NCL/Div4/ANGA2 vs. CONQ1"]
[Site "Birmingham ENG"]
[Date "2007.10.28"]
[Round "2.3"]
[White "Ruthen, Steven"]
[Black "Ynojosa, Felix J"]
[Result "0-1"]
[WhiteElo "2050"]
[BlackElo "2085"]
[PlyCount "66"]
[EventDate "2007.10.28"]
[EventType "team"]
[EventRounds "11"]
[EventCountry "ENG"]
[SourceDate "2007.09.15"]

1. f4 d5 2. Nf3 c5 3. g3 Nc6 4. Bg2 Nf6 5. d3 h5 6. Nc3 d4 7. Ne4 Nxe4 8. dxe4
Bg4 9. Nh4 g5 10. fxg5 Qc7 11. Bf4 e5 12. Bd2 O-O-O 13. O-O c4 14. Qe1 Bc5 15.
Kh1 Qb6 16. h3 Be6 17. Rb1 d3 18. c3 dxe2 19. Qxe2 Rd3 20. Kh2 Rhd8 21. Rfd1
Qa5 22. a3 Qa4 23. b3 cxb3 24. Be1 Bc4 25. Qxh5 Qxa3 26. g6 fxg6 27. Nxg6 b2
28. Bf3 Rxd1 29. Bxd1 Bd3 30. Nxe5 Bxb1 31. Bg4+ Kc7 32. Qf7+ Be7 33. Nxc6 bxc6
0-1

[Event "4NCL/Div4/ANGA2 vs. CONQ1"]
[Site "Birmingham ENG"]
[Date "2007.10.28"]
[Round "2.4"]
[White "Foster, James C"]
[Black "Lunn, Timothy"]
[Result "0-1"]
[WhiteElo "1970"]
[BlackElo "2075"]
[PlyCount "80"]
[EventDate "2007.10.28"]
[EventType "team"]
[EventRounds "11"]
[EventCountry "ENG"]
[SourceDate "2007.09.15"]

1. e4 c5 2. c3 Nf6 3. e5 Nd5 4. d4 cxd4 5. Nf3 e6 6. cxd4 d6 7. a3 Bd7 8. Bd3
Bc6 9. O-O Nd7 10. b4 a6 11. Re1 Be7 12. exd6 Bxd6 13. Ne5 Qc7 14. Bb2 Nf4 15.
Bf1 O-O 16. g3 Nd5 17. Nd2 Nxe5 18. dxe5 Be7 19. Qg4 Nb6 20. Rac1 Qd7 21. Red1
Qd5 22. f3 Ba4 23. Ne4 Bxd1 24. Rc5 Bxf3 25. Qxf3 Bxc5+ 26. bxc5 Kh8 27. cxb6
Rad8 28. Qe3 Qa2 29. Bd4 Rc8 30. Bc5 Rfd8 31. Bd6 Rc2 32. Ng5 Rdc8 33. Nxf7+
Kg8 34. Ng5 Rxh2 35. Qf3 Rh6 36. Qf7+ Kh8 37. Nh3 Qb3 38. Kh2 Rg6 39. Qf2 Rc2
40. Be2 Rxe2 0-1

[Event "4NCL/Div4/ANGA2 vs. CONQ1"]
[Site "Birmingham ENG"]
[Date "2007.10.28"]
[Round "2.5"]
[White "Downham, Alan"]
[Black "Cork, David J"]
[Result "0-1"]
[WhiteElo "1975"]
[BlackElo "2026"]
[PlyCount "56"]
[EventDate "2007.10.28"]
[EventType "team"]
[EventRounds "11"]
[EventCountry "ENG"]
[SourceDate "2007.09.15"]

1. c4 e5 2. Nc3 Nf6 3. g3 d5 4. cxd5 Nxd5 5. Bg2 Be6 6. Nf3 Nc6 7. d3 f6 8. O-O
Qd7 9. Bd2 Bc5 10. Ne4 Bb6 11. Rc1 g5 12. Nc5 Bxc5 13. Rxc5 h5 14. Qa4 Nb6 15.
Qc2 Nd5 16. Qa4 h4 17. Rfc1 Nb6 18. Qd1 hxg3 19. fxg3 Bd5 20. e4 Be6 21. d4
exd4 22. e5 d3 23. Qe1 O-O-O 24. exf6 Bd5 25. Ne5 Qh7 26. Ng4 Bxg2 27. Qe6+ Kb8
28. Kxg2 Rhe8 0-1

[Event "4NCL/Div4/ANGA2 vs. CONQ1"]
[Site "Birmingham ENG"]
[Date "2007.10.28"]
[Round "2.6"]
[White "Auckland, Elliott"]
[Black "Barroso, Adele J"]
[Result "1-0"]
[WhiteElo "1904"]
[BlackElo "1580"]
[PlyCount "80"]
[EventDate "2007.10.28"]
[EventType "team"]
[EventRounds "11"]
[EventCountry "ENG"]
[SourceDate "2007.09.15"]

1. d4 d5 2. Nf3 Nc6 3. Bf4 Bg4 4. e3 a6 5. c4 e6 6. Nc3 Nf6 7. c5 Ne4 8. Bd3
Ng5 9. Bxg5 Bxf3 10. Bxd8 Bxd1 11. Bxc7 Bh5 12. a3 g6 13. h3 f5 14. f3 g5 15.
g4 Bg6 16. gxf5 Bxf5 17. Bxf5 exf5 18. Nxd5 Kd7 19. Nb6+ Kxc7 20. Nxa8+ Kd8 21.
Nb6 Bg7 22. h4 g4 23. fxg4 fxg4 24. O-O Bh6 25. Nd5 Kc8 26. Rf6 Bg7 27. Rf7 Bh6
28. Ne7+ Kd7 29. Nf5+ Ke6 30. Nxh6 Nd8 31. Rf4 Re8 32. Re4+ Kd7 33. Rxe8 Kxe8
34. Nxg4 Kd7 35. Rf1 h5 36. Nf6+ Kc8 37. Nxh5 Kc7 38. Nf6 Kc6 39. a4 a5 40. h5
Nf7 1-0

[Event "4NCL/Div4/BRI2 vs. BCA"]
[Site "Birmingham ENG"]
[Date "2007.10.28"]
[Round "2.1"]
[White "Humphreys, Jerry"]
[Black "Crouch, Colin"]
[Result "0-1"]
[WhiteElo "2078"]
[BlackElo "2353"]
[PlyCount "66"]
[EventDate "2007.10.28"]
[EventType "team"]
[EventRounds "11"]
[EventCountry "ENG"]
[SourceDate "2007.09.15"]

1. e4 c5 2. Nc3 Nc6 3. g3 a6 4. Bg2 b5 5. Nf3 Bb7 6. O-O g6 7. d4 cxd4 8. Nxd4
Bg7 9. Be3 Ne5 10. Qe2 Nc4 11. b3 Nxe3 12. Qxe3 e6 13. Rad1 Ne7 14. f4 O-O 15.
Nce2 Rc8 16. Rd2 Qc7 17. g4 e5 18. fxe5 Qxe5 19. Nf3 Qxe4 20. Qxe4 Bxe4 21.
Rxd7 Nd5 22. Ng3 Nf6 23. Rd6 Bxc2 24. Rxa6 Nxg4 25. Bh3 f5 26. Re1 Bc3 27. Re7
Bb4 28. Rb7 Bc5+ 29. Kh1 Nf2+ 30. Kg2 Nxh3 31. Kxh3 f4 32. Ne1 fxg3 33. Nxc2
gxh2 0-1

[Event "4NCL/Div4/BRI2 vs. BCA"]
[Site "Birmingham ENG"]
[Date "2007.10.28"]
[Round "2.2"]
[White "Mordue, A Tyson"]
[Black "Littlejohns, David P"]
[Result "1-0"]
[WhiteElo "2298"]
[BlackElo "2080"]
[PlyCount "105"]
[EventDate "2007.10.28"]
[EventType "team"]
[EventRounds "11"]
[EventCountry "ENG"]
[SourceDate "2007.09.15"]

1. e4 c6 2. d4 d5 3. Nc3 g6 4. e5 h5 5. Be2 Bh6 6. Bxh6 Nxh6 7. Qd2 Nf5 8.
O-O-O e6 9. f4 h4 10. Nh3 b6 11. Ng5 Ba6 12. Bf3 Nd7 13. g4 Ng7 14. Rhe1 Bb7
15. Kb1 Qe7 16. Rc1 O-O-O 17. Qg2 Kb8 18. Nd1 Nf8 19. Nf2 Nh7 20. Ngh3 Rc8 21.
Nd3 Rhd8 22. Red1 Rc7 23. Qf2 Rh8 24. Bg2 Ba8 25. c4 Bb7 26. c5 b5 27. Qd2 Rd7
28. Rf1 Qd8 29. Rf2 Bc8 30. Bf1 a5 31. Be2 Ra7 32. Rcf1 Nf8 33. Ne1 Ka8 34. Nc2
Nh7 35. Bd3 Nf8 36. Ne3 f5 37. exf6 Qxf6 38. Bc2 Nh7 39. Ng1 Nf8 40. Nf3 Bd7
41. Ne5 Be8 42. f5 exf5 43. gxf5 Nxf5 44. Nxf5 gxf5 45. Rxf5 Qe7 46. Re1 Qd8
47. Qf2 Nh7 48. Rg1 Rc7 49. Qd2 Ra7 50. Qh6 Rc7 51. Rf4 Qe7 52. Rxh4 Kb7 53. a3
1-0

[Event "4NCL/Div4/BRI2 vs. BCA"]
[Site "Birmingham ENG"]
[Date "2007.10.28"]
[Round "2.3"]
[White "Meek, Stephen J"]
[Black "Ross, Chris"]
[Result "1/2-1/2"]
[WhiteElo "2060"]
[BlackElo "2144"]
[PlyCount "52"]
[EventDate "2007.10.28"]
[EventType "team"]
[EventRounds "11"]
[EventCountry "ENG"]
[SourceDate "2007.09.15"]

1. e4 e6 2. Nf3 d5 3. Nc3 Nf6 4. e5 Nfd7 5. d4 c5 6. dxc5 Nxc5 7. Bd3 Be7 8. h4
Nbd7 9. Qe2 a6 10. Bg5 b5 11. Bxe7 Qxe7 12. Nd4 Nxd3+ 13. cxd3 Bb7 14. f4 Rc8
15. Qe3 Nc5 16. Kf2 O-O 17. g3 f6 18. Rhd1 fxe5 19. Qxe5 Rce8 20. Kg1 Nd7 21.
Qc7 Ba8 22. Rf1 Rc8 23. Qa7 Qd6 24. Nf3 Nc5 25. Nxb5 axb5 26. Qa3 Qb6 1/2-1/2

[Event "4NCL/Div4/BRI2 vs. BCA"]
[Site "Birmingham ENG"]
[Date "2007.10.28"]
[Round "2.4"]
[White "Lilley, Graham"]
[Black "Bass, John W"]
[Result "1/2-1/2"]
[WhiteElo "2140"]
[BlackElo "2094"]
[PlyCount "51"]
[EventDate "2007.10.28"]
[EventType "team"]
[EventRounds "11"]
[EventCountry "ENG"]
[SourceDate "2007.09.15"]

1. d4 d5 2. Nf3 c6 3. g3 Nf6 4. Bg2 Bg4 5. Ne5 Bf5 6. O-O Nbd7 7. Bf4 e6 8. c4
Be7 9. Nc3 O-O 10. cxd5 exd5 11. Qb3 Qb6 12. Nxd7 Bxd7 13. Qxb6 axb6 14. a3
Rfe8 15. Rfe1 b5 16. f3 c5 17. e3 Bc6 18. Ne2 c4 19. Nc3 b4 20. axb4 Bxb4 21.
Bg5 Nd7 22. Rxa8 Rxa8 23. e4 f6 24. Bd2 Bxc3 25. Bxc3 b5 26. exd5 1/2-1/2

[Event "4NCL/Div4/BRI2 vs. BCA"]
[Site "Birmingham ENG"]
[Date "2007.10.28"]
[Round "2.5"]
[White "Mayhew, Andrew"]
[Black "Hilton, Steve"]
[Result "1/2-1/2"]
[WhiteElo "2015"]
[BlackElo "1967"]
[PlyCount "46"]
[EventDate "2007.10.28"]
[EventType "team"]
[EventRounds "11"]
[EventCountry "ENG"]
[SourceDate "2007.09.15"]

1. e4 c5 2. Nf3 d6 3. d4 cxd4 4. Nxd4 Nf6 5. Nc3 a6 6. Bg5 e6 7. f4 Qb6 8. Qd2
Qxb2 9. Rb1 Qa3 10. e5 dxe5 11. fxe5 Nfd7 12. Ne4 Nc6 13. Nxc6 bxc6 14. Rb3 Qa4
15. Re3 h6 16. Bh4 Rb8 17. Kf2 Rb2 18. Re2 Qb4 19. Qd3 Bc5+ 20. Nxc5 Qxh4+ 21.
g3 Nxc5 22. gxh4 Nxd3+ 23. cxd3 Rxe2+ 1/2-1/2

[Event "4NCL/Div4/BRI2 vs. BCA"]
[Site "Birmingham ENG"]
[Date "2007.10.28"]
[Round "2.6"]
[White "Wragg, Norman"]
[Black "Bromilow, Edward"]
[Result "1/2-1/2"]
[WhiteElo "1835"]
[BlackElo "1955"]
[PlyCount "62"]
[EventDate "2007.10.28"]
[EventType "team"]
[EventRounds "11"]
[EventCountry "ENG"]
[SourceDate "2007.09.15"]

1. e4 c6 2. d4 d5 3. exd5 cxd5 4. Bd3 Nf6 5. c3 Qc7 6. Nf3 Bg4 7. Qa4+ Bd7 8.
Qc2 Nc6 9. O-O e6 10. Bg5 h6 11. Bh4 Bd6 12. Nbd2 g5 13. Bg3 O-O-O 14. Bxd6
Qxd6 15. Rfe1 Nh5 16. Ne5 Nxe5 17. dxe5 Qe7 18. Nf3 Nf4 19. Bf1 g4 20. Nd4 h5
21. Qc1 Ng6 22. Qe3 Kb8 23. a4 Nh4 24. Nb5 Bxb5 25. axb5 b6 26. Be2 Nf5 27. Qf4
Rhg8 28. Bd3 Nh4 29. Kh1 Ng6 30. Qe3 Rc8 31. Ra4 Qc5 1/2-1/2

[Event "4NCL/Div4/OXF3 vs. GUI4"]
[Site "Birmingham ENG"]
[Date "2007.10.28"]
[Round "2.1"]
[White "Chapman, Graham W"]
[Black "Dekker, Alain"]
[Result "1-0"]
[WhiteElo "2040"]
[BlackElo "2124"]
[PlyCount "57"]
[EventDate "2007.10.28"]
[EventType "team"]
[EventRounds "11"]
[EventCountry "ENG"]
[SourceDate "2007.09.15"]

1. e4 c5 2. Nf3 d6 3. d4 cxd4 4. Nxd4 Nf6 5. Nc3 a6 6. Bg5 e6 7. f4 Qb6 8. Qd2
Qxb2 9. Nb3 Qa3 10. Be2 Nc6 11. O-O Be7 12. Bf3 Qb4 13. Qe3 Bd8 14. Kh1 Qb6 15.
Qd3 Qc7 16. Rad1 Be7 17. Rfe1 O-O 18. e5 dxe5 19. Bxc6 bxc6 20. fxe5 Nd5 21.
Bxe7 Nxe7 22. Qd6 Qxd6 23. exd6 Nd5 24. Ne4 Rd8 25. Na5 f5 26. Nc5 Rxd6 27. c4
Bd7 28. cxd5 cxd5 29. Nc4 1-0

[Event "4NCL/Div4/OXF3 vs. GUI4"]
[Site "Birmingham ENG"]
[Date "2007.10.28"]
[Round "2.2"]
[White "Shepley, Julien M"]
[Black "Ludbrook, Matt"]
[Result "1-0"]
[WhiteElo "2110"]
[BlackElo "2046"]
[PlyCount "141"]
[EventDate "2007.10.28"]
[EventType "team"]
[EventRounds "11"]
[EventCountry "ENG"]
[SourceDate "2007.09.15"]

1. d4 Nf6 2. Bg5 g6 3. Bxf6 exf6 4. c4 f5 5. e3 Bg7 6. Nc3 O-O 7. g3 d6 8. Bg2
Nd7 9. Nge2 Nf6 10. Qc2 c6 11. h4 Re8 12. Nf4 h5 13. O-O Re7 14. Rfe1 Qc7 15.
Rad1 Bd7 16. b4 Rae8 17. Qb3 Bh6 18. Nce2 Kh7 19. Qb2 Bg7 20. Nh3 Kg8 21. Nef4
Bc8 22. Rb1 b6 23. Red1 Bb7 24. Qb3 Qd7 25. c5 d5 26. b5 cxb5 27. cxb6 a6 28.
Rdc1 Ne4 29. Rc7 Qd6 30. Rbc1 Qxb6 31. Rxe7 Rxe7 32. Nxd5 Bxd5 33. Qxd5 Qe6 34.
Nf4 Qxd5 35. Nxd5 Ra7 36. Rc8+ Kh7 37. Rc7 Rxc7 38. Nxc7 Nc3 39. Nxa6 Nxa2 40.
Bd5 Nc3 41. Bxf7 Bf8 42. Nc5 Kg7 43. Bb3 Bd6 44. Kf1 Kf6 45. Nd7+ Ke7 46. Nb6
Bb4 47. Nc8+ Kf6 48. Na7 g5 49. hxg5+ Kxg5 50. f3 Bd6 51. Kf2 b4 52. Nc6 h4 53.
f4+ Kg4 54. gxh4 Kxh4 55. Kf3 Nb1 56. Ke2 Kg3 57. Bc2 Na3 58. Bxf5 b3 59. d5 b2
60. Nd4 b1=Q 61. Bxb1 Nxb1 62. Nf5+ Kg4 63. Nxd6 Nc3+ 64. Kd3 Nxd5 65. Ke4 Ne7
66. f5 Kg5 67. Ke5 Ng8 68. Ke6 Nh6 69. e4 Ng4 70. e5 Kf4 71. Nc4 1-0

[Event "4NCL/Div4/OXF3 vs. GUI4"]
[Site "Birmingham ENG"]
[Date "2007.10.28"]
[Round "2.3"]
[White "Jeffries, Majid"]
[Black "Stimpson, Philip M"]
[Result "1/2-1/2"]
[WhiteElo "2012"]
[BlackElo "2090"]
[PlyCount "45"]
[EventDate "2007.10.28"]
[EventType "team"]
[EventRounds "11"]
[EventCountry "ENG"]
[SourceDate "2007.09.15"]

1. Nf3 d5 2. d4 e6 3. c4 c6 4. e3 Nf6 5. Nc3 Nbd7 6. Qc2 Bd6 7. b3 O-O 8. Bb2
b6 9. Bd3 Bb7 10. O-O e5 11. dxe5 Nxe5 12. Nxe5 Bxe5 13. cxd5 cxd5 14. f4 Bd6
15. Nb5 Bc5 16. Bd4 a6 17. Nc3 Bxd4 18. exd4 Ne4 19. Rad1 f5 20. Bxe4 fxe4 21.
Qd2 Rc8 22. Rc1 Qd6 23. Na4 1/2-1/2

[Event "4NCL/Div4/OXF3 vs. GUI4"]
[Site "Birmingham ENG"]
[Date "2007.10.28"]
[Round "2.4"]
[White "Sen, Subin"]
[Black "Zhang, Marco"]
[Result "1-0"]
[WhiteElo "2026"]
[BlackElo "1925"]
[PlyCount "57"]
[EventDate "2007.10.28"]
[EventType "team"]
[EventRounds "11"]
[EventCountry "ENG"]
[SourceDate "2007.09.15"]

1. d4 Nf6 2. Nf3 e6 3. g3 c5 4. c3 d5 5. Bg2 cxd4 6. cxd4 Nc6 7. O-O Bd6 8. b3
Bd7 9. Ba3 Qe7 10. Bxd6 Qxd6 11. Nc3 Qb4 12. Na4 Ne4 13. a3 Qd6 14. b4 b6 15.
Qb3 O-O 16. Nc3 Rfc8 17. Rac1 Be8 18. e3 f5 19. Nxe4 fxe4 20. Nd2 Ne7 21. a4 a6
22. Bh3 Rc6 23. f3 Rac8 24. Rxc6 Qxc6 25. fxe4 Qc2 26. Bxe6+ Bf7 27. Bxf7+ Kh8
28. Qxc2 Rxc2 29. Bxd5 1-0

[Event "4NCL/Div4/OXF3 vs. GUI4"]
[Site "Birmingham ENG"]
[Date "2007.10.28"]
[Round "2.5"]
[White "Terry, Sean"]
[Black "Smart, Michael R"]
[Result "1-0"]
[WhiteElo "1823"]
[BlackElo "1972"]
[PlyCount "81"]
[EventDate "2007.10.28"]
[EventType "team"]
[EventRounds "11"]
[EventCountry "ENG"]
[SourceDate "2007.09.15"]

1. e4 Nf6 2. e5 Nd5 3. b3 e6 4. Bb2 Nc6 5. g3 d6 6. c4 Nde7 7. d4 Ng6 8. exd6
cxd6 9. h4 d5 10. h5 Nge7 11. Nf3 Nf5 12. Bh3 dxc4 13. Bxf5 Qa5+ 14. Kf1 Qxf5
15. bxc4 Bd7 16. d5 exd5 17. cxd5 O-O-O 18. Rh4 Be6 19. Nc3 Bb4 20. Nd4 Nxd4
21. Qxd4 Bxc3 22. Qxc3+ Kb8 23. dxe6 f6 24. e7 Rc8 25. Qd4 Qb5+ 26. Kg1 Rhe8
27. Rc1 Rxe7 28. Rxc8+ Kxc8 29. Qc4+ Qxc4 30. Rxc4+ Kd7 31. h6 gxh6 32. Bxf6
Re2 33. a4 a6 34. a5 Ra2 35. Rd4+ Kc6 36. Bd8 Rb2 37. Bb6 Rxb6 38. axb6 Kxb6
39. f4 Kc5 40. Rd8 b5 41. f5 1-0

[Event "4NCL/Div4/OXF3 vs. GUI4"]
[Site "Birmingham ENG"]
[Date "2007.10.28"]
[Round "2.6"]
[White "Bryant, Richard"]
[Black "Henbest, Kevin B"]
[Result "1-0"]
[WhiteElo "1937"]
[BlackElo "1785"]
[PlyCount "45"]
[EventDate "2007.10.28"]
[EventType "team"]
[EventRounds "11"]
[EventCountry "ENG"]
[SourceDate "2007.09.15"]

1. e4 c5 2. Nc3 d6 3. g3 g6 4. Bg2 Bg7 5. d3 e5 6. Nh3 Ne7 7. f4 f5 8. O-O O-O
9. fxe5 dxe5 10. Be3 Na6 11. Kh1 Kh8 12. Qd2 Rb8 13. Bg5 Nc7 14. Rae1 Qd6 15.
exf5 Nxf5 16. Ne4 Qb6 17. g4 Nd4 18. Bh6 Bxg4 19. Bxg7+ Kxg7 20. Qg5 Bf5 21.
Qe7+ Kg8 22. Neg5 Rfd8 23. Qxh7+ 1-0

[Event "4NCL/Div4/NOTT2 vs. LIT2"]
[Site "Birmingham ENG"]
[Date "2007.10.28"]
[Round "2.1"]
[White "Harrison, John"]
[Black "Stewart, Joseph"]
[Result "1/2-1/2"]
[WhiteElo "2000"]
[BlackElo "2005"]
[PlyCount "43"]
[EventDate "2007.10.28"]
[EventType "team"]
[EventRounds "11"]
[EventCountry "ENG"]
[SourceDate "2007.09.15"]

1. d4 d5 2. c4 c6 3. Nf3 Nf6 4. Nc3 e6 5. e3 Bd6 6. Bd3 Nbd7 7. O-O O-O 8. Qe2
dxc4 9. Bxc4 e5 10. e4 Qe7 11. Bg5 exd4 12. Nxd4 Ne5 13. Bb3 h6 14. Bh4 Ng6 15.
Bg3 Bxg3 16. hxg3 c5 17. Nf3 Bg4 18. Qe3 Rfe8 19. Nd5 Nxd5 20. Bxd5 Rac8 21.
Qb3 b6 22. Rfe1 1/2-1/2

[Event "4NCL/Div4/NOTT2 vs. LIT2"]
[Site "Birmingham ENG"]
[Date "2007.10.28"]
[Round "2.2"]
[White "Bingham, James T"]
[Black "Webster, Richard J"]
[Result "1/2-1/2"]
[WhiteElo "2055"]
[BlackElo "1964"]
[PlyCount "63"]
[EventDate "2007.10.28"]
[EventType "team"]
[EventRounds "11"]
[EventCountry "ENG"]
[SourceDate "2007.09.15"]

1. d4 Nf6 2. c4 g6 3. Nc3 d5 4. Nf3 Bg7 5. cxd5 Nxd5 6. g3 O-O 7. Bg2 c5 8. O-O
cxd4 9. Nxd5 Qxd5 10. Be3 Qb5 11. Nxd4 Qxb2 12. Rb1 Qxa2 13. Nb5 Bf5 14. Nc7
Bxb1 15. Qxb1 Qxb1 16. Rxb1 Nd7 17. Nxa8 Rxa8 18. Rxb7 Rd8 19. Rxa7 e6 20. f4
Nb8 21. Ra4 Nd7 22. Bd4 Bxd4+ 23. Rxd4 Kf8 24. g4 Ke7 25. Rd3 Nf6 26. Rg3 h5
27. h3 hxg4 28. hxg4 Rd4 29. e3 Rd2 30. g5 Nd7 31. Rf3 Nb6 32. Rf2 1/2-1/2

[Event "4NCL/Div4/NOTT2 vs. LIT2"]
[Site "Birmingham ENG"]
[Date "2007.10.28"]
[Round "2.3"]
[White "Hill, Maurice J"]
[Black "Harrison, Peter K"]
[Result "0-1"]
[WhiteElo "1950"]
[BlackElo "1915"]
[PlyCount "60"]
[EventDate "2007.10.28"]
[EventType "team"]
[EventRounds "11"]
[EventCountry "ENG"]
[SourceDate "2007.09.15"]

1. c4 Nf6 2. g3 e6 3. Nf3 Nc6 4. Bg2 d5 5. b3 Bc5 6. O-O O-O 7. d4 Be7 8. Bb2
a5 9. Nc3 Re8 10. Re1 Bb4 11. a3 Bxc3 12. Bxc3 Ne4 13. Bb2 f5 14. Qc2 Bd7 15.
Rad1 Qe7 16. Nd2 Qf6 17. f3 Nxd4 18. Qd3 Nxd2 19. Bxd4 e5 20. Bb2 Qb6+ 21. e3
Nxc4 22. bxc4 Qxb2 23. Rb1 Qa2 24. cxd5 c6 25. e4 b5 26. Re2 fxe4 27. fxe4 Qc4
28. Qxc4 bxc4 29. Rc2 cxd5 30. exd5 Bf5 0-1